LEADER 01095nam a2200253 i 4500 001 000000133618 003 CaOOAMICUS 005 20070323000000.0 008 070323s1993 it u000 u ita u 013 $a106637 020 $a88-7135-040-5 040 $aSeMil$bita 100 1 $aGiandomenico, Nicola .$0(OLS)http://semarc/name/51651 245 10$aS. Chiara di Assisi :$bLa pianticella del Beato Francesco /$cNicola Giandomenico, Nilo Negroni. 260 $aGorle :$bVelar,$ccopyr. 1993. 300 $a166 p. :$bricc. ill. ;$c31 cm. 600 04$aChiara : d'Assisi .$0(OLS)http://semarc/subject/7962 700 1 $aNegroni, Nilo <1931- >.$0(OLS)http://semarc/name/54753 850 $aSeMil 852 $aSeMil$W1$xVenegono$y1$m3H VI 33$j87435$B87435$CSeMilBibl$Z2$F122857 $81 961 $aOmaggio: Altro 996 $6020$a88-7135-040-5$9(OLS)http://semarc/number/120761 996 $6245$aS. Chiara di Assisi :$bLa pianticella del Beato Francesco$9(OLS)http://semarc/title/195686 996 $6260$aGorle :$bVelar$9(OLS)http://semarc/publisher/33489 LEADER 01387nam a2200265 i 4500 001 000000172428 003 CaOOAMICUS 005 20081105000000.0 008 081105n it u000 u ita u 013 $a149870 040 $aSeMil$bita 100 1 $aVilla, Paolo,$d<1929-1973>.$0(OLS)http://semarc/name/62387 245 12$aI vigili del fuoco a Milano :$bgli incendi ed il servizio di prevenzione e spegnimento nel passato e nel presente /$cIng. Paolo Villa. 246 04$iTitolo in copertina:$aComando Provinciale Vigili del Fuoco di Milano 260 $a[S.l. :$bs.n.],$c1978[?]$e(Milano :$fRizzoli,$g1978[?]) 300 $a31 p., [3] p. di tav. :$bill. ;$c31 cm. 500 $aAi pič del front : Estratto dal Bollettino municipale Cittā di Milano Anno 2. - N° 124. - Fondo card. Giovanni Colombo. 650 4$aVigili del Fuoco - Milano.$0(OLS)http://semarc/subject/32819 850 $aSeMil 852 $aSeMil$W1$xVenegono$y1$m3O VI 25$j123290$B123290$CSeMilBibl$Z2$F138558 $81 941 1 $a3 961 $aLascito: Colombo Card. Giovanni 996 $6245$aI vigili del fuoco a Milano :$bgli incendi ed il servizio di prevenzione e spegnimento nel passato e nel presente$9(OLS)http://semarc/title/246908 996 $6246$aComando Provinciale Vigili del Fuoco di Milano$9(OLS)http://semarc/title/246909 996 $6260$a[S.l. :$bs.n.]$9(OLS)http://semarc/publisher/29751